Responses for Show #5108 - Wednesday, November 22, 2006

Jeff Spoeri game 3.

Contestants

[<< previous game]

Brad Waller, a software engineer from Seattle, Washington

Maureen McCuen, a U.S. history teacher from Paris, Texas

Jeff Spoeri, a university administrator from Boynton Beach, Florida (whose 2-day cash winnings total $35,501)

[next game >>]

Jeopardy! Round responses

POLITICAL COMEBACKS
URBAN DICTIONARY
(Alex: Hip new words from the "Urban Dictionary" website.)
"B" IN FASHION
FOUR-PLAY
THE MOOR
THE MARRIER
(Alex: ...you have to identify the person who was married to each of the people we will name.)
    $200 1
Nixon

Brad
    $200 12
laughing

Brad
    $200 2
a bonnet

Jeff
    $200 7
4-F

Jeff
    $200 26
(Brad: What are Catholic kings?)
...
(Alex: When we said "these 2" we were referring to [*]. Now, you could call them "the Catholic kings", of course, and they may have been called that, but we were going for their names.)

Ferdinand & Isabella

Brad
Triple Stumper
    $200 17
Jane Fonda

Maureen
    $400 3
Churchill

Jeff
    $400 13
a wardrobe malfunction

Jeff
    $400 22
(Jeff: What is a bouffant?)

a beehive

JeffMaureen
    $400 8
(Brad: What are Health, Hand, Heart and...)

Health, Hand, Heart & Head

Brad
Triple Stumper
    $400 27
Salman Rushdie

Jeff
    $400 18
Madonna

Jeff
    $600 4
(Marion) Barry

Jeff
    $600 14
kiss

Jeff
    $600 23
a blazer

Jeff
    $600 9
second base

Jeff
    $600 28
(Alex: Oh, drew a blank?)
(Jeff: ...I did it, and then nothing.)

Mauritania

Jeff
Triple Stumper
    $600 19
Mia Farrow

Triple Stumper
    $800 5
(Bill) Clinton

Jeff
    $800 15
a song

Jeff
    $800 24
a boutonniere

Jeff
    $800 10
a four-leaf clover

Jeff
    $800 29
(Jeff: Who is...)
(Alex: Hurry!)
(Jeff: Da Gama?)
(Maureen: Who is Balboa?)
[The end-of-round signal sounds.]

Ferdinand Magellan

JeffMaureen
Triple Stumper
    $800 20
(Alex: Good, you're out of the hole.)
(Maureen: Thank you!)

Drew Barrymore

Maureen
    $1000 6
Deng Xiaoping

Jeff
    $1000 16
(Maureen: What's a regret?)

an e-gret

JeffMaureen
    $2,000 25
(Alex: A minute to deal with THE MOOR.)

a bolo tie (or bola tie)

Jeff
    $1000 11
Matthew, Mark, Luke & John

Brad
    $1000 21
Ali MacGraw

Triple Stumper

Scores at the first commercial break (after clue 16):

Jeff Maureen Brad
$7,400 -$1,000 $1,000

Scores at the end of the Jeopardy! Round:

Jeff Maureen Brad
$9,800 -$400 $800

Double Jeopardy! Round responses

BODIES OF WATER
MOVIE GUYS & GALS
WEATHER
AROUND THE DRUM KIT
CAN I GET YOUR LITERARY NUMBER?
"RIGHT" NOW
    $400 2
the Rhine

Jeff
    $400 1
Joe

Jeff
    $400 7
Antarctica

Jeff
    $400 16
tuning

Brad
    $400 22
Dudley Do-Right

Maureen
    $800 3
(Brad: What is the Mediterranean?)

the Baltic

Brad
Triple Stumper
    $800 10
Tess

Jeff
    $800 8
autumn

Triple Stumper
    $800 21
a snare

Jeff
    $800 20
(Maureen: What is Catch-22?)
...
(Alex: A minute to go.)

Slaughterhouse-Five

MaureenBrad
    $800 23
a right-of-way

Jeff
    $3,000 4
[Jeff sighs.]
(Alex: Jeff?)
(Jeff: What is Brazil?)
(Alex: No, you had to think that Blommestein probably sounds--
(Jeff: I know, Dutch.)
(Alex: --either German or Dutch. Think of Dutch in South America--[*], formerly Dutch Guiana.)

Suriname

Jeff
    $1200 12
Mickey

Maureen
    $1200 9
millibars

Brad
    $1200 27
[The end-of-round signal sounds.]

a high hat

Jeff
    $1200 19
Six Degrees of Separation

Brad
    $1200 24
Human Rights Watch

Jeff
    $1600 5
(Maureen: What is Half Moon Bay?)

(Alex: What is [*] Bay. Mutiny on the [*].)

Bounty Bay

Maureen
Triple Stumper
    $1600 13
Jane

Jeff
    $1600 11
a cumulonimbus

Brad
    $1600 18
Ten Days that Shook the World

Triple Stumper
    $1600 25
squatter's rights

Jeff
    $2000 6
the Gulf of St. Lawrence

Triple Stumper
    $1,200 15
(Maureen: Who are John and Carol and Ted and Alice?)

Bob & Carol & Ted & Alice

Maureen
    $2000 14
(Alex: $2,000 more takes you out of the hole again!)
(Maureen: Thank you!)

the Coriolis effect

Maureen
    $2000 17
(Brad: What is 1,001 Arabian Nights?)

Seven Pillars of Wisdom

Brad
Triple Stumper
    $2000 26
Wainwright

Jeff

Scores at the end of the Double Jeopardy! Round:

Jeff Maureen Brad
$18,000 -$400 $3,200
(lock game)

[wagering suggestions for these scores]

Final Jeopardy! Round responses

HISTORIC OBJECTS
(Alex: [To Brad] Yes, indeed, made for the Russian imperial family.)
BradWhat are Fabergé eggs?
$3,200
JeffWhat are Fabergé eggs?
$5,000
Fabergé eggs

Final scores:

Jeff Maureen Brad
$23,000 -$400 $6,400
3-day champion: $58,501 3rd place: $1,000 2nd place: $2,000

Game dynamics:

Coryat scores:

Jeff Maureen Brad
$20,000 $800 $3,200
28 R
(including 1 DD),
4 W
(including 1 DD)
6 R,
5 W
(including 1 DD)
8 R,
4 W

Combined Coryat: $24,000

[game clues] [game scores] [suggest correction]

Game tape date: 2006-09-19
The J! Archive is created by fans, for fans. Scraping, republication, monetization, and malicious use prohibited; this site may use cookies and collect identifying information. See terms. The Jeopardy! game show and all elements thereof, including but not limited to copyright and trademark thereto, are the property of Jeopardy Productions, Inc. and are protected under law. This website is not affiliated with, sponsored by, or operated by Jeopardy Productions, Inc. Join the discussion at JBoard.tv.